000 00643nam a2200181Ia 4500
008 100920s9999 xx 000 0 und d
082 _b72095
_a28 व 891,461 थ 94
100 _aबोकील संजीवनी.
245 _aहा फेर भोंडल्याचा.
260 _bकुमजाई प्रकाशन,पुणे.
_c1994
300 _a31
_bसाधी
365 _b10
520 _aबा.वि.पद्य.
630 _aहा फेर भोंडल्याचा.
650 _aबा.वि.पद्य.
730 _aहा फेर भोंडल्याचा.
942 _cBOOK
999 _c713921
_d713918